000 00301nam a22001217a 4500
005 20250820180402.0
008 250820b |||||||| |||| 00| 0 eng d
082 _a005
_bSON-M
100 _aSon
245 _aMastering Windows Server 2016
650 _aComputer/Microsoft Office & Windows
999 _c37038
_d37038